Hold On - Justin Bieber Lyrics - Statistics

General Stats
  • This quiz has been taken 181 times
    176 since last reset
  • The average score is 243 of 316
Answer Stats
Lyrics % Correct
hold
99%
on
99%
I
97%
a
95%
You
93%
you
93%
need
92%
to
92%
know
89%
place
89%
the
89%
me
88%
far
87%
away
86%
heaven
86%
is
85%
not
83%
be
82%
call
82%
can
81%
some
81%
if
80%
one
80%
say
79%
we
79%
all
78%
and
77%
make
77%
mistakes
77%
that
77%
someone
76%
too
75%
my
74%
hand
73%
cause
72%
take
71%
up
71%
feeling
70%
your
69%
could
68%
wish
67%
tell
66%
should
65%
find
64%
everything
63%
stars
63%
yeah
63%
come
62%
pick
62%
for
60%
undone
59%
way
59%
ceiling
58%
Painting
58%
there
58%
feels
57%
i'll
57%
who
57%
it
56%
pieces
56%
loses
55%
morning
52%
will
52%
how
51%
Midnight
51%
midnight
51%
somebody
50%
their
49%
can't
42%
till
42%
but
38%
connection
37%
get
36%
close
35%
in
35%
looking
30%
answers
25%
unknown
25%
You're
25%
No matching quizzes found
Score Distribution
Percent of People with Each Score
Percentile by Number Answered
Your Score History
You have not taken this quiz since the last reset